|
|
|
|
| LEADER |
00000cam a2200000 7i4500 |
| 001 |
0000001851 |
| 005 |
20020221.0 |
| 020 |
0 |
0 |
|a 9677300296
|
| 090 |
0 |
0 |
|a 587.3109595
|b PIG 1988
|
| 100 |
1 |
0 |
|a PIGGOTT
|h A. G.
|
| 245 |
1 |
0 |
|a Ferns of Malaysia in colour
|c by A. G. Piggott, photographs by C. J. Piggott
|
| 260 |
0 |
0 |
|a Kuala Lumpur :
|b Tropical Press ,
|c 1988
|
| 300 |
|
|
|a xi, 458 p. :
|b col. ill. ;
|c 27 cm.
|
| 500 |
0 |
0 |
|a Includes bibliuography : (p. 450-451) and index
|
| 650 |
0 |
0 |
|a Ferns
|z Malaysia
|
| 650 |
0 |
0 |
|a Ferns
|z Malaysia
|x Pictorial works
|
| 700 |
0 |
1 |
|a Piggott
|h C. J.
|
| 998 |
|
|
|a JPSM
|
| 999 |
|
|
|a 0000002886
|b Monograph
|c Open Shelf
|e Default branch
|